| 000 | 00554nam a22001817a 4500 | ||
|---|---|---|---|
| 999 |
_c172197 _d172197 |
||
| 005 | 20200129102730.0 | ||
| 010 | _aB-24532 | ||
| 020 | _c125.00 | ||
| 035 | _aB-24532 | ||
| 037 | _bBPPD/Pub. | ||
| 082 | _a846 | ||
| 245 |
_aذاکر صاحب کے خط / _cمرتبہ - مختار الد ین احمد |
||
| 246 |
_aZakir Sahab Ke Khat (Urdu) vol.4 / _bby Mukhtaruddin Ahmed |
||
| 260 |
_aPatna _bKhuda Baksh Oriental Public Library _c1999 ء |
||
| 270 |
_a- _b- _e- |
||
| 300 |
_a210p. _c22cm(Hb) |
||
| 942 |
_2ddc _cUR _h846 _mذ ا ک |
||